| 000 | 00391nam a22001697a 4500 | ||
|---|---|---|---|
| 005 | 20160617163607.0 | ||
| 008 | 160617b xxu||||| |||| 00| 0 eng d | ||
| 020 | _a978-0-07-099360-0 | ||
| 041 | _aeng | ||
| 082 | _b8036 | ||
| 100 |
_aHurlock, Elizabeth B. _92151 |
||
| 245 | _aPersonality Development | ||
| 260 |
_bTMH _c2007 |
||
| 300 | _a443 | ||
| 650 |
_aManagement _9241 |
||
| 942 | _cBK | ||
| 999 |
_c3005 _d3004 |
||